North American Pro Sports Franchises that Changed Names - Statistics

General Stats
  • This quiz has been taken 54 times
  • The average score is 10 of 19
Answer Stats
League Old Name Years Active Answer % Correct
NBA Seattle SuperSonics 1967-2008 Oklahoma City Thunder
84%
NFL Houston Oilers 1959-1996 Tennessee Titans
75%
MLB Montreal Expos 1969-2004 Washington Nationals
73%
NBA Baltimore Bullets 1963-1973 Washington Wizards
69%
NFL Cleveland Browns* 1944-1995 Baltimore Ravens
61%
NHL Hartford Whalers 1979-1997 Carolina Hurricanes
61%
NHL Atlanta Thrashers 1999-2011 Winnipeg Jets
59%
NBA Rochester Royals Cincinatti Royals 1948-1957 1957-1972 Sacramento Kings
55%
NHL Quebec Nordiques 1979-1995 Colorado Avalanche
53%
NHL Winnipeg Jets 1972-1996 Arizona Coyotes
47%
MLB Washington Senators 1901-1960 Minnesota Twins
43%
MLB Washington Senators 1961-1971 Texas Rangers
43%
NHL Kansas City Scouts Colorado Rockies 1974-1976 1976-1982 New Jersey Devils
41%
NFL Dallas Texans 1960-1962 Kansas City Chiefs
37%
NBA Buffalo Braves 1970-1978 Los Angeles Clippers
37%
NFL Portsmouth Spartans 1928-1934 Detroit Lions
35%
MLB Seattle Pilots 1969-1970 Milwaukee Brewers
35%
NBA Syracuse Nationals 1946-1963 Philadelphia 76ers
35%
MLB St. Louis Browns 1902-1953 Baltimore Orioles
31%
No matching quizzes found
Score Distribution
Percent of People with Each Score
Percentile by Number Answered
Your Score History
You have not taken this quiz